000 00970cam a2200145ua 4500
041 _aeng
_h
082 _a620.172
_bIND/ME
110 1 _aIndian standards institution .
_bISI
_c()
245 _aMethod of test for determination of tensile strength by indirect tests on rock specimens IS:10082-1981 /
_cIndian standards institution.
_hTextual Documents
260 _aNew Delhi :
_bIndian standards institution ,
_c1982.
300 _a12 ; .
504 _a
942 _cBK
999 _c9927
_d9927